| 000 | 00965nam2a2200217 4500 | ||
|---|---|---|---|
| 001 | RU\NLR\BIBL_A\022222692 | ||
| 005 | 20250625163133.0 | ||
| 010 | _a978-5-09-109031-4 | ||
| 010 | _a978-5-09-109034-5 | ||
| 035 | _a(NLR Aleph) 022222692 | ||
| 090 |
_a13107002 _c13107002 |
||
| 100 | _a20240516d2024 |||y0rusy50 ca | ||
| 101 | 0 | _arus | |
| 102 | _aRU | ||
| 105 | _ay z 000 y | ||
| 200 | 0 | _aЧ. 3 | |
| 210 |
_d2024 _aБ. м. |
||
| 461 | 0 |
_1001RU\NLR\BIBL_A\022219729 _12001#$aРусский язык 4 класс. Учебное пособие в пяти частях$vЧ. 3 _913098226 _aКанакина, В. П. _cМосква _d2024- _e5-е изд., перераб. _fВ. П. Канакина, В. Г. Горецкий _nПросвещение _o4 класс : учебное пособие : для детей с нарушением зрения : в пяти частях _tРусский язык _y9785091090314 _vЧ. 3 |
|
| 942 | _cBOOK | ||
| 980 | _aNB | ||